| 000 | 00420nam a2200145 a 4500 | ||
|---|---|---|---|
| 001 | 2038 | ||
| 003 | CDMR | ||
| 005 | 20130116135223.0 | ||
| 008 | 130130s1994||||||||||||||||||||||||||||d | ||
| 040 |
_aCDMR _bcat _cCPC GIRONA |
||
| 100 | 1 |
_aAguilera, Christian _91517 |
|
| 245 | 1 | 3 |
_aLa generació de la televisió _bLa consciència lliberal del cinema americà _cAguilera, Christian |
| 260 |
_c1994 _bEditorial 2001 |
||
| 942 | _cMON | ||
| 999 |
_c2038 _d2038 |
||